| 000 | 00470nam a2200169 i 4500 | ||
|---|---|---|---|
| 001 | bg | ||
| 245 | 0 |
_aBadania hydrauliczne / _cred. nauk. Herbert Lupa. |
|
| 260 |
_aSzczecin, _c1974. |
||
| 490 | 1 |
_aPrace Naukowe Politechniki SzczeciĆskiej ; _vnr 16 |
|
| 700 | 1 |
_aLUPA, Herbert. _eRed. |
|
| 830 | _aPrace Naukowe Politechniki SzczeciĆskiej ; | ||
| 040 | _cBPK | ||
| 041 | _apol | ||
| 080 | _a532:628.1 | ||
| 942 | _cKS | ||
| 008 | s pl f |000 0 pol | ||
| 999 |
_c26419 _d26419 |
||
| 856 |
_uhttp://koha.tu.koszalin.pl/cgi-bin/koha/opac-detail.pl?biblionumber=26419 _yKatalog online BPK |
||